Statistiques concernant Plus Grande Ville par Langue

Cliquez ici pour prendre le quiz!

Statistiques générales

  • Ce quiz a été pris 297 fois
    (108 depuis la dernière actualisation)
  • Le résultat moyen est 16 sur 24

Statistiques - réponses

LanguePopulationVille% Correct
Français15 M / 11.4 MKinshasa/Paris
98%
Anglais23.1 MNew York
95%
Japonais40.8 MTokyo
95%
Russe18.8 MMoscou
94%
Mandarin20.9 MPékin
94%
Coréen24.9 MSéoul
93%
Hindi33.4 MDelhi
87%
Turc16.1 MIstanbul
86%
Espagnol
24.9 MMexico
82%
Portugais23 MSão Paulo
81%
Italien6.1 MMilan
78%
Wu40 MShanghai
69%
Arabe22.2 MLe Caire
66%
Persan16.2 MTehéran
64%
Serbo-Croate1.4 MBelgrade
60%
Hébreu2.9 MTel Aviv
60%
Cantonais67.8 MCanton
55%
Marathi26.6 MMumbai
49%
Viêtnamien13.5 MHô-Chi-Minh-Ville
46%
Bengali21.3 MDacca
43%
Tagalog26.7 MManille
35%
Yoruba21.4 MLagos
32%
Tamoul12.2 MChennai
18%
Gujarati9.3 MAhmedabad
9%

Distribution des résultats

Percentile par nombre de réponses

% des personnes avec chaque résultat

Votre développement - résultats

Vous n’avez pas pris ce quiz depuis la dernière actualisation